000 00758nam a22002297a 4500
005 2012010608158.0
008 120106t xxu||||| |||| 00| 0 eng d
010 _aENG-104630
020 _a9789380408750
_c275.00
035 _aEN-88163
037 _bDBAD/PUB
040 _aDPL
_bEng
082 _a531
100 _aSawhney, G.S.
_938484
245 _aMechanics made easy /
_cby G.S. Sawhney [and] Jasbeer
260 _aNew Delhi
_bAcme Learning
_c2011
270 _a2/8 Ansari Road Darya Ganj
_bNew Delhi
_e110002
300 _ax,466p. :
_c24cm(pbk)
_bill.
700 _aJasbeer
_938525
942 _2ddc
_cEN
_h531
_mSAW
999 _c60453
_d60453